[Event "Sautron op 15th"]
[Site "Sautron"]
[Date "2015.10.24"]
[Round "6.4"]
[White "Ibrahim, Hatim"]
[Black "Koziak, Vitali"]
[Result "1/2-1/2"]
[WhiteElo "2311"]
[BlackElo "2472"]
[Annotator "RR"]
[PlyCount "79"]
[EventDate "2015.10.24"]
[EventType "swiss"]
[EventRounds "9"]
[EventCountry "FRA"]
[SourceTitle "CBM 169 Extra"]
[Source "ChessBase"]
[SourceDate "2015.12.18"]
[SourceVersion "1"]
[SourceVersionDate "2015.12.18"]
[SourceQuality "1"]
[TimeControl "40/5400+30:1800+30"]
[WhiteClock "0:33:46"]
[BlackClock "0:00:58"]

1. d4 {[%emt 0:00:00]} d5 {[%emt 0:00:00]} 2. c4 {[%emt 0:00:00]} c6 {[%emt 0:
00:00]} 3. Nf3 {[%emt 0:00:34]} Nf6 {[%emt 0:00:00]} 4. e3 {[%emt 0:00:28]} Bg4
{[%emt 0:00:00]} 5. Qb3 {[%emt 0:01:26]} (5. Nc3) (5. h3) 5... Qb6 {[%emt 0:01:
23]} 6. Nc3 {[%emt 0:00:49]} e6 {[%emt 0:00:38]} 7. Nh4 {[%emt 0:03:36] La
ligne critique} Be7 {[%emt 0:11:12]} (7... Bh5 {Plus courant mais c'est
probablement une simple transposition} 8. h3) 8. h3 {[%emt 0:01:41]} Bh5 {
[%emt 0:00:07]} 9. g4 {[%emt 0:00:11]} (9. Bd2 $5 Nfd7 10. g4 Bxh4 11. gxh5 Be7
{Perez Ponsa,F (2497)-Peralta,F (2609) ARG-ch 88th Resistance/Saenz Pena 2013 
(6) 1/2}) 9... Nfd7 {[%emt 0:07:57][%cal Re7h4] Après réflexion, les Noirs
choisissent cette ligne secondaire au lieu de Bg6} (9... Bg6 10. Nxg6 hxg6 11.
Bg2 g5 12. O-O Nbd7 13. Rd1 Nf8 14. Qc2 Ng6 15. cxd5 exd5 16. e4 Nxe4 17. Nxe4
dxe4 18. Be3 Qc7 19. d5 Nf4 20. dxc6 Qxc6 21. Qxc6+ bxc6 22. Bxe4 Rh6 23. Kf1
a5 24. Rac1 Ra6 25. h4 Re6 26. Bf5 Rh6 27. Bc8 Ra8 28. Bb7 Rb8 29. Bxc6+ Kf8
30. h5 Rxb2 31. Bb5 Rxb5 32. Rc8+ Bd8 33. a4 Re5 34. Rdxd8+ Ke7 35. Re8+ {
1-0 (35) Wang,H (2712)-Balogh,C (2657) Mamaia 2015}) 10. Nf5 {[%emt 0:09:17]} (
10. cxd5 cxd5 11. Nf5 $14 {Hoang,T (2470)-Ovod,E (2384) Wch World Cup (Women)
2012 (1.2) 1-0}) 10... exf5 {[%emt 0:00:52]} 11. gxh5 {[%emt 0:00:03]} dxc4 {
[%emt 0:10:41]} 12. Bxc4 $146 {[%emt 0:05:22]} (12. Qc2 g6 13. Bxc4 Nf6 14. h6
Nbd7 15. Bd2 Bf8 16. O-O-O Bxh6 17. h4 O-O-O 18. Bxf7 Rhf8 19. Bb3 Qc7 20. Na4
Ng4 21. Rdf1 Nh2 22. Rd1 Ng4 23. Rdf1 Nh2 24. Rd1 Ng4 {1/2-1/2 (24) Bedouin,X 
(2402)-Uwira,O (2248) Pula 2012}) 12... Qxb3 {[%emt 0:00:26]} 13. axb3 $5 {
[%emt 0:02:21]} (13. Bxb3 {Plus naturel mais les Blancs espèrent que la paire
de B sera très active avec une position ouverte mais la structure Blanche est
trés affaiblie sur les deux ailes}) 13... Nf6 {[%emt 0:00:16]} 14. Be2 {
[%emt 0:06:31]} (14. h6 $5 {[%cal Gc4d3]} g6 {[%cal Ge7f8]} (14... gxh6 15. Bd3
) 15. f3 Nbd7 16. e4 $14) 14... Nbd7 {[%emt 0:00:51]} 15. Bd2 {[%emt 0:03:11]}
a6 {[%emt 0:13:04]} 16. Bf3 {[%emt 0:04:54]} Nb6 {[%emt 0:02:05]} 17. Ne2 {
[%emt 0:19:09]} Nbd5 {[%emt 0:03:35]} 18. Ng3 {[%emt 0:00:53]} (18. Nf4 {
[%cal Gf4d3,Gd3c5,Gd3e5]}) 18... g6 {[%emt 0:01:40]} 19. O-O-O $32 {[%emt 0:15:
53]} O-O-O {[%emt 0:03:03]} 20. Rdg1 {[%emt 0:02:45]} Bd6 {[%emt 0:04:07]} 21.
h4 {[%emt 0:03:48]} Rde8 $11 {[%emt 0:17:37]} 22. hxg6 {[%emt 0:05:29]} hxg6 {
[%emt 0:00:32]} 23. Ne2 {[%emt 0:02:40]} (23. h5 $5 {Il est peut-être plus
précis de le jouer rapidement pour ne pas laisser l'occasion aux Noirs de
doubler les R sur la colonne "h"}) 23... Rh7 $1 {[%emt 0:06:00][%csl Rh4][%cal
Ge8h8]} 24. h5 {[%emt 0:06:22]} gxh5 {[%emt 0:03:14]} (24... Nxh5 {[%cal Ge8h8]
}) 25. Rg5 $36 {[%emt 0:00:48]} Ne7 {[%emt 0:07:00]} 26. Ng3 {[%emt 0:00:44]}
Bxg3 {[%emt 0:00:50]} 27. Rxg3 {[%emt 0:00:10]} Ne4 {[%emt 0:03:01]} 28. Rgh3 {
[%emt 0:01:07]} Reh8 {[%emt 0:00:31]} 29. Rxh5 {[%emt 0:00:11]} (29. Be1 h4 30.
Be2 {[%cal Gf2f3]}) 29... Rxh5 {[%emt 0:00:43]} 30. Rxh5 {[%emt 0:00:06]} Rxh5
{[%emt 0:00:31]} 31. Bxh5 {[%emt 0:00:06]} Nxf2 {[%emt 0:00:34]} 32. Bxf7 {
[%emt 0:00:14]} Kd7 {[%emt 0:00:26]} 33. Kc2 {[%emt 0:01:04]} Nd5 {[%emt 0:00:
32]} 34. Bh5 {[%emt 0:01:13]} Ke6 {[%emt 0:01:18]} 35. Bf3 {[%emt 0:00:24]} Nf6
{[%emt 0:00:49]} 36. Be1 {[%emt 0:00:35]} N2g4 {[%emt 0:00:54]} (36... N2e4)
37. Kd3 {[%emt 0:00:41]} Nd5 {[%emt 0:01:00]} 38. e4 {[%emt 0:00:57]} fxe4+ {
[%emt 0:00:45]} 39. Kxe4 {[%emt 0:00:19]} Ngf6+ {[%emt 0:00:18]} 40. Kd3 {
[%emt 0:00:00]} 1/2-1/2

[Event "POL-chT 66th"]
[Site "Katowice"]
[Date "2010.09.12"]
[Round "9"]
[White "Kolosowski, Mateusz"]
[Black "Kuczynski, Robert"]
[Result "1/2-1/2"]
[WhiteElo "2342"]
[BlackElo "2511"]
[Annotator "RR"]
[PlyCount "82"]
[EventDate "2010.09.04"]
[EventType "team-tourn"]
[EventRounds "9"]
[EventCountry "POL"]
[SourceTitle "EXT 2016"]
[Source "ChessBase"]
[SourceDate "2015.10.08"]
[SourceVersion "1"]
[SourceVersionDate "2015.10.08"]
[SourceQuality "1"]
[WhiteTeam "Prokonex"]
[BlackTeam "Wroclaw AZS WSB"]
[WhiteTeamCountry "POL"]
[BlackTeamCountry "POL"]

1. d4 d5 2. c4 c6 3. Nf3 Nf6 4. e3 Bg4 5. Qb3 (5. Nc3) (5. h3) 5... Qb6 6. Nc3
(6. Ne5) (6. c5) 6... e6 7. Nh4 $1 Nbd7 (7... Bh5 8. h3 g5 9. Nf3 Rg8 10. Ne5
Nfd7 11. Nd3 Qxb3 12. axb3 Bg6 13. Bd2 Na6 14. Be2 Nb4 15. Nxb4 Bxb4 16. Na4
Bxd2+ 17. Kxd2 Ke7 18. h4 h6 19. Nc3 Nf6 20. g4 Ne4+ 21. Nxe4 Bxe4 22. f3 Bg6
23. b4 dxc4 24. Bxc4 h5 25. hxg5 hxg4 26. fxg4 Be4 27. Rh5 Bg6 28. Rh6 Be4 29.
Ra5 b5 30. Be2 Rxg5 31. Rh5 Kf6 32. Ra1 Rxh5 33. gxh5 Rg8 34. Rxa7 Rg2 35. Ke1
Rh2 36. Ra3 Kg5 37. Ra7 {Artemiev,V (2671)-Dubov,D (2659) Sochi 2015 1/2-1/2})
8. Bd2 Ne4 (8... Be7 9. h3 Bh5 10. g4 Bg6 11. Nxg6 hxg6 12. g5 Nh5 13. Rg1 a6
14. f4 dxc4 15. Bxc4 Qxb3 16. Bxb3 Nb6 17. Ne4 Nd5 18. Ke2 Kd7 19. Rac1 Rag8
20. h4 f5 21. Nf2 Bd6 22. Nd3 Rc8 23. Kf3 b6 24. Rc2 a5 25. Rgc1 Ne7 26. a3 Ra8
27. Ba4 Rhc8 28. Be1 Rc7 29. Rd1 Rcc8 30. Nc5+ bxc5 31. dxc5 Nd5 32. cxd6 Kxd6
33. Bc3 Ra6 34. Be5+ Kd7 35. Rc5 Ke7 36. Rdc1 Kd7 37. Rd1 Ke7 38. Rd3 {
Batchuluun,T (2503)-Gan Od,S (2253) Arvaikheer 2012 1/2-1/2}) 9. Nxe4 dxe4 10.
h3 Bh5 11. g4 Be7 $132 12. Ng2 Bg6 13. Nf4 e5 14. Nxg6 hxg6 15. O-O-O Qxb3 16.
axb3 Bf6 17. Bc3 exd4 18. exd4 O-O-O 19. Bg2 {[%csl Gg2]} Bg5+ (19... Rde8) 20.
Kc2 f5 21. d5 $14 {[%csl Gc3]} Bf6 22. dxc6 bxc6 23. Ba5 {[%csl Ga5,Rc6]} (23.
f3 Bxc3 $1) 23... Nb6 24. Rxd8+ (24. f3 $1 exf3 25. Bxf3 $16 {[%csl Gf3] La
paire de B commence à s'activer}) 24... Rxd8 25. f3 exf3 26. Bxf3 c5 {[%csl
Rb3]} 27. Ra1 $36 {[%csl Rc8][%cal Ga5b6,Ga1a8]} Rd7 (27... Rh8 28. Bg2 fxg4
29. Bxb6 $1 {[%csl Rc8,Rh8][%cal Ga1a8]} (29. hxg4 $2 Rh2)) 28. Be1 {[%cal
Ge1f2,Gf2c5]} Bd4 29. Bh4 Be3 30. Rd1 Rxd1 31. Kxd1 Kd7 32. Bg3 f4 33. Be1 {
[%csl Rg7][%cal Ge1c3,Gc3g7]} Bd4 34. h4 (34. Bc3 Bxc3 35. bxc3 g5 $132 {
[%csl Rh3]}) 34... Bxb2 35. Be4 g5 36. hxg5 Kd6 37. Bf5 (37. Kc2) 37... Nd7 38.
Bxd7 Kxd7 39. Ke2 Ke6 40. Kf3 Bc1 41. Ke4 g6 1/2-1/2

[Event "Sautron op 14th"]
[Site "Sautron"]
[Date "2014.11.01"]
[Round "9"]
[White "Dumitrache, Dragos Nicolae"]
[Black "Koziak, Vitali"]
[Result "1/2-1/2"]
[WhiteElo "2413"]
[BlackElo "2454"]
[Annotator "RR"]
[PlyCount "91"]
[EventDate "2014.10.26"]
[EventType "swiss"]
[EventRounds "9"]
[EventCountry "FRA"]
[SourceTitle "EXT 2015"]
[Source "ChessBase"]
[SourceDate "2014.11.20"]
[SourceVersion "1"]
[SourceVersionDate "2014.11.20"]
[SourceQuality "1"]
[TimeControl "40/5400+30:1800+30"]

1. Nf3 d5 2. c4 c6 3. d4 Nf6 4. e3 Bg4 5. Nbd2 Nbd7 (5... e6 6. Qb3 Qc7 7. h3
Bh5 8. g4 Bg6 9. Ne5 Nbd7 10. Nxg6 hxg6 11. g5 Ne4 12. Nxe4 dxe4 13. Bd2 Be7
14. Rg1 Rh5 15. Qc2 Rxg5 16. Rxg5 Bxg5 17. Qxe4 O-O-O 18. O-O-O Bf6 19. f4 g5
20. f5 e5 21. c5 Rh8 22. Kb1 Rh4 23. Qc2 exd4 24. Be1 d3 25. Rxd3 Rh8 26. e4 a6
27. Bg3 Ne5 28. Rd6 Rd8 29. Qd1 Rxd6 30. cxd6 Qb6 31. Qe2 Qd4 32. Bxe5 Bxe5 33.
d7+ Kd8 34. a3 b5 35. Ka2 {Bologan,V (2661)-Vitiugov,N (2742) Dubai 2014 0-1})
6. Qc2 e6 7. Bd3 Bd6 8. b3 e5 (8... a6) 9. dxe5 Nxe5 10. Be2 $146 (10. Nxe5
Bxe5 11. Bb2 Bxb2 12. Qxb2 O-O 13. Be2 Bxe2 14. Kxe2 Qd7 15. h3 Rfe8 16. cxd5
Nxd5 17. Rhd1 Rad8 18. Kf1 c5 19. Qc2 Rxe3 20. Qxc5 Rd3 21. Nc4 b6 22. Qa3 Nf4
23. Rxd3 Qxd3+ 24. Kg1 Qg6 25. g3 Nxh3+ 26. Kf1 Qd3+ 27. Kg2 Nxf2 28. Rf1 Ne4
29. Qe7 Qxg3+ 30. Kh1 Nf2+ {0-1 (30) Denger,P (2088)-Pert,N (2565) Bunratty
2015}) 10... Nxf3+ 11. Bxf3 Be5 12. Bb2 Bxb2 13. Qxb2 Bxf3 14. Qe5+ Qe7 15.
Nxf3 Qxe5 (15... dxc4 16. bxc4 Qxe5 17. Nxe5 O-O $11) 16. Nxe5 O-O 17. cxd5
Nxd5 18. O-O-O Rfe8 19. Nc4 Rad8 $11 20. a3 f5 21. Rd3 Re6 22. Kb2 (22. Rhd1)
22... f4 23. g3 fxe3 24. Nxe3 Rf8 25. Nxd5 Rxf2+ 26. Kc3 cxd5 27. Rxd5 Re3+ 28.
Rd3 Rxd3+ 29. Kxd3 h5 (29... Kf7) 30. a4 Kh7 31. a5 Kh6 32. b4 a6 33. Kd4 g6
34. h4 Rf3 35. Rg1 g5 36. Re1 gxh4 37. gxh4 Rf6 38. Re7 Rg6 39. Rxb7 Rg4+ 40.
Kc5 Rxh4 41. Rb6+ Kg7 42. Rxa6 Rh1 43. Rd6 h4 44. Kb6 h3 45. Rd2 Rf1 46. a6
1/2-1/2

[Event "Rohde op 07th"]
[Site "Sautron"]
[Date "2007.10.30"]
[Round "5"]
[White "Petkov, Vladimir"]
[Black "Maze, Sebastien"]
[Result "1/2-1/2"]
[WhiteElo "2508"]
[BlackElo "2576"]
[Annotator "RR"]
[PlyCount "55"]
[EventDate "2007.10.27"]
[EventType "swiss"]
[EventRounds "9"]
[EventCountry "FRA"]
[SourceTitle "EXT 2008"]
[Source "ChessBase"]
[SourceDate "2007.11.25"]
[SourceVersion "1"]
[SourceVersionDate "2007.11.25"]
[SourceQuality "1"]

1. d4 d5 2. c4 c6 3. Nf3 Nf6 4. e3 Bg4 (4... Bf5 5. Nc3 e6 6. Nh4 {[%cal Gh4f5]
}) (4... e6) 5. h3 $5 (5. Nc3 e6 6. h3) (5. Qb3 Qb6 6. Ne5 Bf5) 5... Bxf3 (5...
Bh5 6. cxd5 $1 Bxf3 7. Qxf3 cxd5 8. Nc3 Nc6 9. Bd3 e6 10. Bd2 $1 Bd6 11. O-O (
11. g4 $5) 11... O-O 12. Rfc1 Rc8 13. Bf1 $14 {[%csl Gd2,Gf1]}) 6. Qxf3 e6 7.
Nc3 Nbd7 (7... Bb4 8. Bd3 Nbd7 9. O-O O-O 10. a3 $1 Ba5 11. b4 Bc7 12. Bb2 $14)
8. cxd5 $5 {Une ligne secondaire} ({RR} 8. Bd2 $5 {[%cal Ge1c1] Un coup trés
souple, la paire de B donne l'inittiative aux blancs qui ont le choix d'un
plan tranquille avec Bd3 suivi du oo ou encore l'alternative plus agressive g4,
avec ooo} Bb4 (8... Bd6 9. g4 $1 $36 Bb4 10. O-O-O $14 (10. Bd3 $143 e5)) 9.
Bd3 O-O 10. a3 Bd6 11. O-O Re8 12. Rfe1 e5 13. cxd5 cxd5 14. Bb5 e4 15. Qf5 g6
16. Qg5 Kg7 17. f4 a6 18. Be2 Rc8 19. Qh4 b5 20. g4 Nb6 21. g5 Ng8 22. Bg4 Rc7
{Van Wely,L (2675)-Azmaiparashvili,Z (2678)/Istanbul 2003/CBM 096/[Hecht]/0-1 
(86)}) (8. Bd3) 8... cxd5 (8... exd5) 9. Bd3 Bb4 10. Bd2 O-O 11. a3 Ba5 12. O-O
Re8 13. Qd1 $146 (13. Rfd1 {Iljushin,A (2528)-Colovic,A (2477) EU-Cup 23rd
Kemer (6) 1/2}) (13. Rac1 {Quleques semaines plus а la coupe du Monde, Etienne
BACROT n'a pas trop insisté avec les blancs avec Rac1 et il a fait nulle
quelques coups plus tard.} e5 14. Bc2 (14. Qf5 g6 15. Qg5 exd4 16. exd4 Qb6 {
[%cal Gb6b2,Gb6d4]})) 13... a6 14. Ne2 Rc8 15. Bb4 $5 Ne4 (15... Bxb4 16. axb4
{[%csl Rb7][%cal Ge2c3,Gc3a4,Ga4c5]}) 16. Bxe4 dxe4 17. Nc3 f5 18. Qb3 {
[%csl Re6][%cal Gb3g8,Gb3b7]} Nf6 19. Rfc1 Bb6 20. Na4 Qd5 21. Qxd5 Nxd5 22.
Bd6 Ba7 23. Nc5 Rc6 $1 24. Be5 Rec8 $132 25. Nb3 Bb6 26. Rxc6 Rxc6 27. Rc1
Rxc1+ 28. Nxc1 {Une nulle assez facile pour le français qui lui permet de
garder la 1ère place après cette 5ème ronde.} 1/2-1/2

[Event "Bundesliga 1112"]
[Site "Germany"]
[Date "2011.11.19"]
[Round "4.1"]
[White "Grachev, Boris V"]
[Black "Buhmann, Rainer"]
[Result "1/2-1/2"]
[WhiteElo "2682"]
[BlackElo "2606"]
[Annotator "RR"]
[PlyCount "118"]
[EventDate "2011.10.14"]
[EventType "team-tourn"]
[EventRounds "15"]
[EventCountry "GER"]
[SourceTitle "CBM 146"]
[Source "ChessBase"]
[SourceDate "2012.01.18"]
[SourceVersion "1"]
[SourceVersionDate "2012.01.18"]
[SourceQuality "1"]
[WhiteTeam "Muelheim Nord"]
[BlackTeam "Hockenheim"]
[WhiteTeamCountry "GER"]
[BlackTeamCountry "GER"]

1. c4 c6 2. d4 d5 3. e3 Nf6 4. Nf3 a6 5. Bd3 Bg4 6. Nbd2 Nbd7 7. Qc2 e6 8. O-O
dxc4 9. Qxc4 Be7 10. Ne5 Bh5 11. Qc2 Rc8 12. Nxd7 Nxd7 13. b4 Bg6 14. Rb1 Bxd3
15. Qxd3 O-O 16. a3 b5 17. Nb3 Ne5 18. Qc2 Nc4 19. Nd2 Nb6 20. Bb2 Qc7 21. Rfc1
Qa7 22. Bc3 Rfd8 23. h3 h6 24. Qe4 Qd7 25. Rc2 Qd5 26. Qg4 Qf5 27. Rbc1 Rd7 28.
Ba1 Rdc7 29. Qg3 Qg5 30. Qf3 Qf5 31. Qe2 Bd6 32. Qf1 Be7 33. Qe2 Bd6 34. h4 Be7
35. g3 Qd5 36. e4 Qd7 37. Qe3 f5 38. d5 cxd5 39. Rxc7 Rxc7 40. Rxc7 Qxc7 41.
exf5 Qc1+ 42. Kg2 Qxa1 43. Qxb6 Qxa3 44. Qxe6+ Kf8 45. Nf3 Bf6 46. Qd6+ Ke8 47.
g4 $6 (47. Ne5 Bxe5 48. Qxe5+ $18) 47... Bc3 48. Qe6+ Kf8 49. g5 Qxb4 50. f6
gxf6 51. g6 Qe7 52. Qc8+ Kg7 53. Qxc3 $6 (53. h5 b4 54. Kh3 $16) 53... Kxg6 54.
Nd2 Qe6 55. Qc2+ Kh5 56. f3 Qe2+ 57. Kh3 Qe6+ 58. Kg2 Qe2+ 59. Kh3 Qe6+ 1/2-1/2

[Event "Bundesliga 1112"]
[Site "Germany"]
[Date "2011.11.19"]
[Round "4.8"]
[White "Rau, Hannes"]
[Black "Levin, Felix"]
[Result "0-1"]
[WhiteElo "2464"]
[BlackElo "2482"]
[Annotator "RR"]
[PlyCount "114"]
[EventDate "2011.10.14"]
[EventType "team-tourn"]
[EventRounds "15"]
[EventCountry "GER"]
[SourceTitle "CBM 146"]
[Source "ChessBase"]
[SourceDate "2012.01.18"]
[SourceVersion "1"]
[SourceVersionDate "2012.01.18"]
[SourceQuality "1"]
[WhiteTeam "Hockenheim"]
[BlackTeam "Muelheim Nord"]
[WhiteTeamCountry "GER"]
[BlackTeamCountry "GER"]

1. d4 d5 2. c4 c6 3. Nf3 Nf6 4. e3 Bg4 5. Bd3 e6 6. O-O Nbd7 7. Nbd2 Bd6 8. b3
O-O 9. Bb2 Qb8 10. h3 Bf5 11. Qc2 Bg6 12. Bxg6 hxg6 13. e4 e5 14. exd5 cxd5 15.
cxd5 exd4 16. Bxd4 Nxd5 17. Nc4 Bc7 18. Rfd1 N7f6 19. Rac1 Bf4 20. Be5 Bxe5 21.
Nfxe5 Re8 22. Ng4 Nf4 23. Nxf6+ gxf6 24. Rd2 Re6 25. h4 Qe8 26. Ne3 Rc6 27. Qd1
Rxc1 28. Qxc1 Rc8 29. Qb2 Qe6 30. g3 Nh5 31. Qd4 f5 32. Qd5 Qe7 33. Qd6 Rc1+
34. Kh2 Qe4 35. Qd8+ Kh7 36. Rd1 Rxd1 37. Nxd1 f4 38. Qd2 fxg3+ 39. fxg3 Qf3
40. Qd6 Nxg3 $5 41. Qxg3 Qxd1 42. Qf2 Qd6+ 43. Kh3 Qe6+ 44. Kg3 a6 45. Qd4 Qe1+
46. Kf3 Qb1 47. Qd7 Qh1+ 48. Kg3 Qg1+ 49. Kh3 Qe3+ 50. Kg2 $6 (50. Kg4 Qe4+ $17
) 50... Qe4+ $19 51. Kg3 Kg7 52. Qd2 Qe5+ 53. Kh3 b5 54. b4 f5 55. a3 f4 56.
Qd7+ Kh6 57. Kg4 $2 (57. Qg4 Qc3+ 58. Kg2 $17) 57... Qe3 $19 0-1

[Event "RUS Cup final"]
[Site "Magnitogorsk"]
[Date "2011.11.13"]
[Round "1.1"]
[White "Bocharov, Dmitry"]
[Black "Amonatov, Farrukh"]
[Result "1-0"]
[WhiteElo "2609"]
[BlackElo "2609"]
[Annotator "RR"]
[PlyCount "171"]
[EventDate "2011.11.13"]
[EventType "k.o."]
[EventRounds "4"]
[EventCountry "RUS"]
[SourceTitle "CBM 146"]
[Source "ChessBase"]
[SourceDate "2012.01.18"]
[SourceVersion "1"]
[SourceVersionDate "2012.01.18"]
[SourceQuality "1"]

1. d4 d5 2. c4 c6 3. Nf3 Nf6 4. e3 Bg4 5. Nc3 e6 6. h3 Bxf3 7. Qxf3 Nbd7 8. Bd3
Bb4 9. Bd2 O-O 10. a3 Ba5 11. O-O Re8 12. Qd1 e5 13. cxd5 cxd5 14. Qb3 Qb6 15.
Qa4 Qd8 16. Rfd1 exd4 17. exd4 Bxc3 18. Bxc3 Ne4 19. Be1 Nb6 20. Qb3 Qf6 21.
Rac1 Re7 22. a4 Qxd4 23. a5 Nc4 24. Bxc4 dxc4 25. Rxc4 Qf6 26. f3 Ng5 27. Bh4
h6 28. Rg4 Rc7 29. f4 Qe6 30. Qxe6 Nxe6 31. f5 Nf8 32. Bf6 g6 33. Bc3 Re8 34.
Rd6 h5 35. Rgd4 gxf5 36. R4d5 Ng6 37. Rxf5 h4 38. Kf1 Rce7 39. Rd4 a6 40. Rb4
Rd7 41. Rd4 Rde7 42. Rf6 Re4 43. Rd7 R4e7 44. Rxe7 Rxe7 45. Rd6 Kh7 46. Kf2 Nf4
47. Kf3 Ng6 48. Rd5 Kh6 49. Rd8 Ne5+ 50. Kf4 Ng6+ 51. Kf5 Re2 52. Rd2 Re1 53.
Rf2 Re6 54. Rc2 Ne7+ 55. Kg4 Kg6 56. Rd2 Nf5 57. Kf4 Rc6 58. Rd8 Rc4+ 59. Kf3
f6 $6 (59... Rc5 60. Rg8+ Kh5 $16) 60. Rd7 $18 Kg5 61. Rxb7 Rf4+ 62. Ke2 Ng3+
63. Kd3 Ne4 64. Bd4 Nf2+ 65. Kc4 Rf5 66. b4 Ne4 67. Rb6 Kf4 68. Rxa6 Rg5 69.
Bxf6 Rxg2 70. Bxh4 Rc2+ 71. Kb3 Rc3+ 72. Ka4 Rxh3 73. Bf6 Kf5 74. Bg7 Rg3 75.
Ra7 Ke6 76. a6 Rg2 77. Bd4 Kd5 78. Bb6 Kc6 79. Ba5 Nc3+ 80. Kb3 Nb5 81. Rb7
Rg3+ 82. Kb2 Rg2+ 83. Kc1 Nd4 84. Rb6+ Kd5 85. a7 Ne2+ 86. Kd2 1-0

[Event "Vandoeuvre op 11th"]
[Site "Vandoeuvre"]
[Date "2014.12.28"]
[Round "6"]
[White "Wagner, Dennis"]
[Black "Bailet, Pierre"]
[Result "1-0"]
[WhiteElo "2488"]
[BlackElo "2484"]
[Annotator "RR"]
[PlyCount "63"]
[EventDate "2014.12.26"]
[EventType "swiss"]
[EventRounds "9"]
[EventCountry "FRA"]
[SourceTitle "EXT 2017"]
[Source "ChessBase"]
[SourceDate "2016.10.25"]
[SourceVersion "1"]
[SourceVersionDate "2016.10.25"]
[SourceQuality "1"]

1. d4 {90} d5 2. c4 c6 3. Nf3 Nf6 4. g3 Bf5 (4... dxc4 {Curieusement, ce coup
naturel est moins populaire que Bf5} 5. Bg2 (5. a4) (5. Nc3) 5... b5 6. O-O e6)
5. Nc3 e6 6. Nh4 Bg4 (6... Be4 {Semble un plus précis} 7. f3 Bg6 {Cornette,
M-Wirig,A Vandoeuvre op 11th 2014 (4) 0-1}) 7. f3 Bh5 8. Qb3 Qb6 9. c5 Qc7 (
9... Qxb3 10. axb3 Nbd7 11. g4 (11. b4) 11... Bg6 12. Nxg6 hxg6 13. b4 e5 14.
e3 $14 {Delorme,A (2494)-Patuzzo,F (2368) Cannes op 26th 2014 (3) 1-0}) 10. Bf4
{87} Qc8 11. g4 {59 Il ne s'agissait probablement pas d'une préparation} Bg6
12. e4 $1 {43} (12. Nxg6) 12... dxe4 13. Nxg6 hxg6 14. fxe4 $1 $146 (14. Nxe4
Nxe4 (14... Nd5 $2 15. Nd6+ Bxd6 16. Bxd6 $16 {[%csl Gd6]}) 15. fxe4 Nd7 16.
Bc4 Nf6 17. O-O-O $32 {Jirka,J (2406)-Lipka,J (2389) CZE-chT 0405 2004 (3.6)
1-0}) 14... Nxg4 15. Be2 $44 Nf6 {Les Noirs ont accepté le gambit mais au
prix d'un gros retard de développement et la paire de B des Blancs est très
forte.} 16. O-O-O $32 Be7 17. Bd6 $1 {41} Bxd6 18. cxd6 Nbd7 19. e5 $36 {
[%csl Gd6]} Nd5 20. Nxd5 cxd5+ 21. Kb1 O-O 22. h4 {34} (22. Rc1) 22... f6 23.
Qg3 $1 {14} fxe5 24. dxe5 {15} Rf5 25. Bd3 Rxe5 26. Rhg1 (26. Qxg6) 26... g5
27. hxg5 g6 28. Rh1 Qf8 29. Rh6 Qxd6 30. Rxg6+ Kf7 31. Rf1+ Ke7 32. Rg7+ 1-0

[Event "RUS Cup final"]
[Site "Magnitogorsk"]
[Date "2011.11.16"]
[Round "2.5"]
[White "Andriasian, Zaven"]
[Black "Matlakov, Maxim"]
[Result "0-1"]
[WhiteElo "2619"]
[BlackElo "2632"]
[Annotator "RR"]
[PlyCount "86"]
[EventDate "2011.11.13"]
[EventType "k.o."]
[EventRounds "4"]
[EventCountry "RUS"]
[SourceTitle "CBM 146"]
[Source "ChessBase"]
[SourceDate "2012.01.18"]
[SourceVersion "1"]
[SourceVersionDate "2012.01.18"]
[SourceQuality "1"]

1. c4 Nf6 2. Nc3 e6 3. g3 d5 4. cxd5 exd5 5. d4 c6 6. Bg2 Bf5 7. Nf3 h6 8. O-O
Nbd7 9. Bf4 Be7 10. a3 O-O 11. b4 Ne4 12. Qb3 Nxc3 13. Qxc3 a6 14. Nd2 Nf6 15.
Rfc1 Re8 16. Re1 Bd6 17. Bxd6 Qxd6 18. e3 Ne4 19. Nxe4 Bxe4 20. Bxe4 Rxe4 21.
a4 Rae8 22. b5 axb5 23. axb5 h5 24. bxc6 bxc6 25. Ra6 R4e6 26. h4 Rg6 27. Kg2
Re4 28. Rc1 Reg4 29. Qe1 Rxh4 $1 (29... Kh7 $2) 30. Raxc6 Qd7 31. Rxg6 Qh3+ 32.
Kf3 fxg6 33. Ke2 Qg4+ 34. Kd2 Rh2 35. Qg1 Qh3 36. Kc3 Kh7 37. Qf1 Qc8+ 38. Kd2
Qf5 39. Ke2 Qg4+ 40. Kd3 Qf5+ 41. Kc3 Rxf2 42. Qa6 Rf3 43. Qd3 Rxg3 0-1

[Event "POL-chT 66th"]
[Site "Katowice"]
[Date "2010.09.11"]
[Round "8"]
[White "Urban, Klaudiusz"]
[Black "Hnydiuk, Aleksander"]
[Result "1-0"]
[WhiteElo "2468"]
[BlackElo "2448"]
[Annotator "RR"]
[PlyCount "99"]
[EventDate "2010.09.04"]
[EventType "team-tourn"]
[EventRounds "9"]
[EventCountry "POL"]
[SourceTitle "EXT 2016"]
[Source "ChessBase"]
[SourceDate "2015.10.08"]
[SourceVersion "1"]
[SourceVersionDate "2015.10.08"]
[SourceQuality "1"]
[WhiteTeam "Poznan Pocztowiec"]
[BlackTeam "Prokonex"]
[WhiteTeamCountry "POL"]
[BlackTeamCountry "POL"]

1. d4 d5 2. c4 c6 3. Nf3 Nf6 4. e3 a6 5. Nbd2 (5. Nc3) (5. Bd3 dxc4 6. Bxc4 e6
7. Nc3 c5 {[%cal Gb7b5]}) 5... Bf5 6. Qb3 Ra7 (6... Qc7 7. Nh4 $1 Bg6 8. Nxg6
hxg6 9. g3 $14) 7. Bd3 e6 (7... Bxd3 8. Qxd3 e6 9. O-O $32 {Jakovenko,D (2662)
-Mozharov,M (2313) Moscow-ch qual KO 2006 (1.2) 1-0}) 8. Bxf5 $146 (8. O-O b5
9. Bxf5 exf5 10. cxb5 cxb5 {Popov,V (2545)-Kashtanov,R (2412) St Petersburg-ch
2001 (3) 1-0} (10... axb5)) 8... exf5 9. cxd5 cxd5 10. Ne5 Be7 11. O-O O-O 12.
Ndf3 Ne4 $11 13. Bd2 Nxd2 $6 (13... Nc6 {Plus simple et le Bd2 n'était pas
très bon} 14. Nxc6 bxc6 15. Ne5 c5) 14. Nxd2 Qa5 15. Nb1 $1 Qb4 (15... Nc6 16.
Nc3 (16. Nxc6 bxc6) 16... Rd8) 16. Nc3 Qxb3 17. axb3 Rd8 18. Ra5 $16 {[%csl
Rd5]} f6 19. Nd3 b5 20. Nxb5 (20. Rfa1 {[%cal Gc3b5]}) 20... Rb7 21. Nc3 Rxb3
22. Rxd5 Rxd5 23. Nxd5 Bd6 24. Rd1 {Les Noirs n'ont aucune compensation pour
le P perdu et le gain technique ne doit pas être trop dur à réaliser pur
les Blancs} Kf7 25. Kf1 Ke6 26. Nc3 Kd7 27. Ke2 Kc6 28. Kd2 Nd7 29. Ra1 $18 Kb7
30. h3 h5 31. Ra5 g6 32. Nd5 Kc6 33. Nc3 Kb6 34. Ra4 Kb7 35. Kc2 Rb6 36. Rc4
Ka7 37. Nd5 Rb5 38. N5f4 Nf8 39. Kc3 h4 40. Rc6 Rb6 41. Rxb6 Kxb6 42. Kc4 Kc6
43. Nd5 Nd7 44. N3b4+ Kb7 45. Nd3 Kc6 46. N5b4+ Bxb4 47. Nxb4+ Kd6 48. Nxa6 g5
49. Nb4 Nb6+ 50. Kd3 1-0